METHODS OF SOCIAL SURVEY AND RESEARCH (Record no. 1933)
[ view plain ]
| 000 -LEADER | |
|---|---|
| fixed length control field | 00424nam a2200193 4500 |
| 001 - CONTROL NUMBER | |
| control field | 1933 |
| 005 - DATE AND TIME OF LATEST TRANSACTION | |
| control field | 20260410055729.0 |
| 008 - FIXED-LENGTH DATA ELEMENTS--GENERAL INFORMATION | |
| fixed length control field | 0 |
| 020 ## - INTERNATIONAL STANDARD BOOK NUMBER | |
| International Standard Book Number | 0 |
| 040 ## - CATALOGING SOURCE | |
| Transcribing agency | 0 |
| 082 ## - DEWEY DECIMAL CLASSIFICATION NUMBER | |
| Classification number | 350 BAJ |
| 100 ## - MAIN ENTRY--PERSONAL NAME | |
| Personal name | BAJPAI DR SR |
| 245 ## - TITLE STATEMENT | |
| Title | METHODS OF SOCIAL SURVEY AND RESEARCH |
| 250 ## - EDITION STATEMENT | |
| Edition statement | 0 |
| 260 ## - PUBLICATION, DISTRIBUTION, ETC. | |
| Place of publication, distribution, etc. | KANPUR |
| Name of publisher, distributor, etc. | KITHAB GHAR |
| Date of publication, distribution, etc. | 1985 |
| 300 ## - PHYSICAL DESCRIPTION | |
| Other physical details | 528P. 32RS |
| Dimensions | 10CM |
| 650 ## - SUBJECT ADDED ENTRY--TOPICAL TERM | |
| Source of heading or term | METHOD SOCIAL SURVEY RESEARCH |
| 942 ## - ADDED ENTRY ELEMENTS (KOHA) | |
| Source of classification or shelving scheme | Dewey Decimal Classification |
| Koha item type | BOOKS |
| Suppress in OPAC | No |
No items available.